[Event "2. Bundesliga West 2016/17"]
[Site "Kufstein"]
[Date "2017.01.22"]
[Round "8"]
[Board "2"]
[White "Mons, Leon"]
[Black "Burschowsky, Matthias"]
[Result "1-0"]
[WhiteElo "2461"]
[BlackElo "2195"]
[PlyCount "49"]
[EventDate "2016.10.28"]
[EventType "team"]
[EventRounds "11"]
[EventCountry "AUT"]
[WhiteTeam "SIR Bernhard 1"]
[BlackTeam "Hohenems II"]

1. Nf3 c5 2. c4 Nf6 3. Nc3 g6 4. e3 Bg7 5. d4 cxd4 6. exd4 d5 7. cxd5 Nxd5 8.
Bc4 Nb6 9. Bb3 Nc6 10. d5 Na5 11. O-O O-O 12. h3 Nxb3 13. axb3 Bxc3 14. bxc3
Qxd5 15. Qc2 Bxh3 16. c4 Qh5 17. Qc3 Bd7 18. Re1 Nc8 19. Qd4 Qg4 20. Re4 Qf5
21. Bh6 Qf6 22. Bxf8 Kxf8 23. Ne5 Bf5 24. g4 Qg5 25. Nf3 1-0

[Event "2. Bundesliga West 2016/17"]
[Site "Kufstein"]
[Date "2017.01.22"]
[Round "8"]
[Board "3"]
[White "Atlas, Dmitry"]
[Black "Prusikin, Michael"]
[Result "0-1"]
[WhiteElo "2218"]
[BlackElo "2530"]
[PlyCount "66"]
[EventDate "2016.10.28"]
[EventType "team"]
[EventRounds "11"]
[EventCountry "AUT"]
[WhiteTeam "Hohenems II"]
[BlackTeam "SIR Bernhard 1"]

1. e4 e6 2. d4 d5 3. e5 c5 4. c3 Nc6 5. Nf3 Bd7 6. Be2 Nge7 7. h4 Rc8 8. h5 Nf5
9. g4 Nh6 10. g5 Nf5 11. Bd3 cxd4 12. Bxf5 exf5 13. cxd4 f4 14. Nc3 Bg4 15. Rh4
Bxf3 16. Qxf3 Nxd4 17. Qd3 Qxg5 18. Rxf4 Qg1+ 19. Kd2 Bc5 20. Rxd4 Qxf2+ 21.
Ne2 Bxd4 22. Qxd4 Qh2 23. b3 O-O 24. Bb2 Rc7 25. Rg1 Rfc8 26. Kd1 Rc2 27. Rxg7+
Kf8 28. Rxf7+ Ke8 29. Qg4 Qxe2+ 30. Qxe2 Rxe2 31. Kxe2 Kxf7 32. Kd3 Ke6 33. Bd4
a6 0-1

[Event "2. Bundesliga West 2016/17"]
[Site "Kufstein"]
[Date "2017.01.22"]
[Round "8"]
[Board "4"]
[White "Seyb, Alexander"]
[Black "Kranzl, Julian"]
[Result "1-0"]
[WhiteElo "2411"]
[BlackElo "2120"]
[PlyCount "111"]
[EventDate "2016.10.28"]
[EventType "team"]
[EventRounds "11"]
[EventCountry "AUT"]
[WhiteTeam "SIR Bernhard 1"]
[BlackTeam "Hohenems II"]

1. e4 c5 2. Nf3 d6 3. c3 Nf6 4. g3 Nc6 5. d3 g6 6. Bg2 Bg7 7. O-O O-O 8. Re1 e5
9. Bg5 h6 10. Bxf6 Qxf6 11. Na3 Rb8 12. Nc4 Qd8 13. a4 Be6 14. Nfd2 Qd7 15. Ne3
f5 16. Nd5 Qf7 17. Rf1 f4 18. Bf3 Qd7 19. Qe2 h5 20. Kh1 Kh7 21. Rg1 Kh6 22. g4
h4 23. g5+ Kh7 24. Bg4 Rh8 25. Bxe6 Qxe6 26. Qg4 Qxg4 27. Rxg4 Kg8 28. Kg2 h3+
29. Kf3 Kf7 30. Ke2 Ke6 31. Kd1 Bf8 32. Kc2 Be7 33. Nf3 Kd7 34. Rag1 b5 35.
axb5 Rxb5 36. Ra1 Bd8 37. Ra6 Bb6 38. Rh4 Rxh4 39. Nxh4 Ra5 40. Nxb6+ axb6 41.
Rxa5 Nxa5 42. Nxg6 Nc6 43. Nh4 Ne7 44. Kb3 b5 45. c4 bxc4+ 46. Kxc4 Ke6 47. Kb5
Kd7 48. b3 Ke6 49. Kb6 Kd7 50. g6 Ke6 51. g7 Kf7 52. Nf5 Nxf5 53. exf5 Kxg7 54.
Kc6 Kf6 55. Kxd6 Kxf5 56. f3 1-0

[Event "2. Bundesliga West 2016/17"]
[Site "Kufstein"]
[Date "2017.01.22"]
[Round "8"]
[Board "5"]
[White "Heinrici, Simon"]
[Black "Tischbierek, Raj"]
[Result "0-1"]
[WhiteElo "2099"]
[BlackElo "2454"]
[PlyCount "86"]
[EventDate "2016.10.28"]
[EventType "team"]
[EventRounds "11"]
[EventCountry "AUT"]
[WhiteTeam "Hohenems II"]
[BlackTeam "SIR Bernhard 1"]

1. e4 c5 2. Nf3 Nc6 3. d4 cxd4 4. Nxd4 Nf6 5. Nc3 d6 6. f3 e5 7. Nb3 Be7 8. Be3
O-O 9. Qd2 a5 10. Bb5 Be6 11. O-O Na7 12. Bd3 Nc8 13. Qf2 a4 14. Nc1 Nd7 15.
N1e2 Ncb6 16. b3 Rc8 17. Nxa4 Nxa4 18. bxa4 Nc5 19. Bxc5 dxc5 20. Bb5 c4 21.
Qe1 c3 22. Kh1 Qc7 23. f4 Rfd8 24. Rf3 exf4 25. Nxf4 Rd2 26. Nxe6 fxe6 27. Rd1
Rcd8 28. Bd3 Qe5 29. Rb1 Bd6 30. g3 Qh5 31. Be2 Qe5 32. Bd3 Rf8 33. Rxf8+ Bxf8
34. Rd1 Bb4 35. Qg1 Qh5 36. Rf1 Bd6 37. a5 Qh3 38. Rf2 Bc5 39. Qf1 Qxf1+ 40.
Rxf1 Rxd3 41. cxd3 Be3 42. d4 c2 43. d5 exd5 0-1

[Event "2. Bundesliga West 2016/17"]
[Site "Kufstein"]
[Date "2017.01.22"]
[Round "8"]
[Board "6"]
[White "Pitl, Gregory"]
[Black "Uhlmann, David"]
[Result "1/2-1/2"]
[WhiteElo "2397"]
[BlackElo "2066"]
[PlyCount "63"]
[EventDate "2016.10.28"]
[EventType "team"]
[EventRounds "11"]
[EventCountry "AUT"]
[WhiteTeam "SIR Bernhard 1"]
[BlackTeam "Hohenems II"]

1. e4 c5 2. Nf3 g6 3. d4 cxd4 4. Nxd4 Nc6 5. Nc3 Bg7 6. Nb3 Nf6 7. g4 d6 8. g5
Nd7 9. Be3 Nb6 10. f4 h6 11. gxh6 Bxh6 12. Qd2 Bg4 13. Nd5 e5 14. Be2 Nxd5 15.
exd5 exf4 16. Bxg4 fxe3 17. Qg2 Qh4+ 18. Qg3 Qxg3+ 19. hxg3 Ne5 20. Be2 Ke7 21.
O-O-O Bg7 22. c3 Rac8 23. Kc2 Nd7 24. Kd3 Bh6 25. Rh2 Ne5+ 26. Kc2 Bg7 27. Rdh1
Rxh2 28. Rxh2 Rh8 29. Rxh8 Bxh8 30. Nd4 Bf6 31. b4 Kd7 32. a4 1/2-1/2

[Event "2. Bundesliga West 2016/17"]
[Site "Kufstein"]
[Date "2017.01.22"]
[Round "8"]
[Board "1"]
[White "Vogel, Roven"]
[Black "Frank, Emanuel"]
[Result "1-0"]
[WhiteElo "2415"]
[BlackElo "2189"]
[PlyCount "59"]
[EventDate "2016.10.28"]
[EventType "team"]
[EventRounds "11"]
[EventCountry "AUT"]
[WhiteTeam "Dornbirn"]
[BlackTeam "ASK Salzburg"]

1. d4 d5 2. Nf3 Nf6 3. c4 e6 4. Nc3 Be7 5. Bf4 O-O 6. e3 Nbd7 7. c5 Nh5 8. Bd3
Nxf4 9. exf4 b6 10. b4 a5 11. a3 c6 12. O-O Qc7 13. g3 Ba6 14. Bxa6 Rxa6 15.
Qe2 Rfa8 16. Rab1 axb4 17. axb4 bxc5 18. bxc5 Ra3 19. Nd1 Bf6 20. Ne3 Qa5 21.
Rb7 Ra7 22. Qb2 Kf8 23. Kg2 Ra2 24. Qb1 Qa6 25. Rxa7 Qxa7 26. Qxh7 g6 27. Ng4
Bg7 28. Nfe5 Nxe5 29. fxe5 Qa4 30. Nf6 1-0

[Event "2. Bundesliga West 2016/17"]
[Site "Kufstein"]
[Date "2017.01.22"]
[Round "8"]
[Board "2"]
[White "Roth, Peter"]
[Black "Novkovic, Milan"]
[Result "0-1"]
[WhiteElo "2128"]
[BlackElo "2371"]
[PlyCount "74"]
[EventDate "2016.10.28"]
[EventType "team"]
[EventRounds "11"]
[EventCountry "AUT"]
[WhiteTeam "ASK Salzburg"]
[BlackTeam "Dornbirn"]

1. e4 c5 2. Nc3 e6 3. Nf3 Nc6 4. Bb5 Nge7 5. O-O a6 6. Bxc6 Nxc6 7. d4 cxd4 8.
Nxd4 d6 9. Kh1 Be7 10. f4 Qc7 11. Nxc6 Qxc6 12. f5 b5 13. fxe6 Bxe6 14. Nd5
Bxd5 15. exd5 Qd7 16. Be3 O-O 17. Bd4 Rfe8 18. Qh5 Bf8 19. Rf4 Re7 20. Raf1 Qe8
21. h3 f6 22. Qf3 Rc8 23. c3 Rcc7 24. Rg4 Kh8 25. Kh2 Qf7 26. Qg3 Qxd5 27. Qd3
Re5 28. Qg3 Re6 29. Rg5 Qxa2 30. Qg4 Rf7 31. Qf5 Kg8 32. Rh5 g6 33. Qg4 Bg7 34.
Rh4 f5 35. Qg5 Re2 36. Bxg7 Kxg7 37. Qh6+ Kg8 0-1

[Event "2. Bundesliga West 2016/17"]
[Site "Kufstein"]
[Date "2017.01.22"]
[Round "8"]
[Board "3"]
[White "Schmidlechner, Alexander"]
[Black "Juergens, Klaus"]
[Result "1-0"]
[WhiteElo "2201"]
[BlackElo "2125"]
[PlyCount "65"]
[EventDate "2016.10.28"]
[EventType "team"]
[EventRounds "11"]
[EventCountry "AUT"]
[WhiteTeam "Dornbirn"]
[BlackTeam "ASK Salzburg"]

1. d4 Nf6 2. c4 c5 3. d5 b5 4. cxb5 a6 5. bxa6 Bxa6 6. Nc3 g6 7. e4 Bxf1 8.
Kxf1 d6 9. g4 Bg7 10. Kg2 Na6 11. g5 Nd7 12. h4 Qb6 13. h5 Nc7 14. Nge2 O-O 15.
Qd3 Rfd8 16. b3 c4 17. Qxc4 Ne5 18. Qd4 Qa6 19. Qd1 Nd3 20. Rh3 Nxc1 21. Rxc1
Nb5 22. Nxb5 Qxb5 23. a4 Qd7 24. Nd4 Rdb8 25. Nc6 Rb7 26. hxg6 hxg6 27. a5 e6
28. Qg4 Rb5 29. Rch1 Ra6 30. Qh4 Rxc6 31. Qh7+ Kf8 32. Qxg7+ Kxg7 33. Rh8 1-0

[Event "2. Bundesliga West 2016/17"]
[Site "Kufstein"]
[Date "2017.01.22"]
[Round "8"]
[Board "4"]
[White "Scheiblmaier, Robert"]
[Black "Novkovic, Julia"]
[Result "1/2-1/2"]
[WhiteElo "2204"]
[BlackElo "2135"]
[PlyCount "178"]
[EventDate "2016.10.28"]
[EventType "team"]
[EventRounds "11"]
[EventCountry "AUT"]
[WhiteTeam "ASK Salzburg"]
[BlackTeam "Dornbirn"]

1. d4 g6 2. c4 Bg7 3. Nc3 d6 4. e4 e5 5. d5 a5 6. Be3 Na6 7. Qd2 f5 8. f3 Bh6
9. O-O-O Bxe3 10. Qxe3 f4 11. Qf2 Nf6 12. Bd3 Nc5 13. Nge2 O-O 14. Kb1 Bd7 15.
Bc2 Qe7 16. Nc1 Kh8 17. Nd3 b6 18. b3 Nxd3 19. Bxd3 Rf7 20. a3 g5 21. h3 h5 22.
Kb2 Rh7 23. b4 g4 24. hxg4 hxg4 25. Rxh7+ Qxh7 26. Rg1 g3 27. Qe1 Kg7 28. Rh1
Qg6 29. Bc2 axb4 30. axb4 Rh8 31. Rxh8 Kxh8 32. Qh1+ Qh7 33. Qxh7+ Kxh7 34. Kc1
Kg6 35. Kd2 Kf7 36. Ke2 Ke7 37. Ba4 Bc8 38. Bb5 Nh7 39. Nd1 Ng5 40. Kf1 Kd8 41.
Nb2 Nh7 42. c5 bxc5 43. bxc5 Bd7 44. c6 Be8 45. Ba6 Nf6 46. Nd1 Bg6 47. Nc3 Ng8
48. Kg1 Ne7 49. Kf1 Be8 50. Bb7 Bh5 51. Ba6 Ng6 52. Be2 Kc8 53. Nb5 Kb8 54. Kg1
Ne7 55. Kf1 Nc8 56. Ke1 Bg6 57. Na3 Ka7 58. Nc4 Ne7 59. Na5 Kb6 60. Nb7 Bf7 61.
Nd8 Bg8 62. Bc4 Kc5 63. Ba2 Kd4 64. Ke2 Kc3 65. Ke1 Kd3 66. Bb1+ Ke3 67. Ba2
Kd3 68. Bb1+ Kd4 69. Ba2 Kc3 70. Ke2 Kb4 71. Kd3 Kc5 72. Ke2 Nc8 73. Kd3 Na7
74. Bc4 Kb6 75. Ke2 Nc8 76. Ba2 Ka7 77. Kd3 Nb6 78. Bb3 Kb8 79. Ke2 Kc8 80. Nb7
Bf7 81. Na5 Kd8 82. Nc4 Nxc4 83. Bxc4 Kc8 84. Ba6+ Kb8 85. Bb7 Bh5 86. Ba6 Bf7
87. Bb7 Ka7 88. Bc8 Kb6 89. Be6 Be8 1/2-1/2

[Event "2. Bundesliga West 2016/17"]
[Site "Kufstein"]
[Date "2017.01.22"]
[Round "8"]
[Board "5"]
[White "Gsteu, Peter"]
[Black "Loeffler, Christoph"]
[Result "1-0"]
[WhiteElo "2061"]
[BlackElo "2124"]
[PlyCount "105"]
[EventDate "2016.10.28"]
[EventType "team"]
[EventRounds "11"]
[EventCountry "AUT"]
[WhiteTeam "Dornbirn"]
[BlackTeam "ASK Salzburg"]

1. d4 d5 2. Bf4 Nf6 3. e3 Bg4 4. Nf3 e6 5. c4 Bd6 6. Bg3 O-O 7. Nc3 c6 8. Qb3
Bxg3 9. hxg3 Qb6 10. Bd3 dxc4 11. Bxc4 Qxb3 12. Bxb3 Bf5 13. O-O Nbd7 14. Rac1
Rfd8 15. Bc2 Bg4 16. Ne4 Nxe4 17. Bxe4 Nf6 18. Bb1 Bxf3 19. gxf3 Rd7 20. Rc5
Nd5 21. Rfc1 Nb4 22. a3 Na6 23. R5c3 Nc7 24. f4 Re8 25. Be4 f6 26. Rb3 Nb5 27.
Rxc6 Nd6 28. Rxd6 Rxd6 29. Rxb7 Ra6 30. Bd3 Ra5 31. Bc4 g6 32. Bb5 Rd8 33. a4
a6 34. Ra7 Rb8 35. b4 Raxb5 36. axb5 axb5 37. Rc7 Rb6 38. Rc5 Kg7 39. Kg2 Rb7
40. g4 Kf7 41. Kf3 Ke7 42. f5 Kd6 43. fxe6 Kxe6 44. Ke4 Kd6 45. f4 Rb8 46. Kf3
Rb6 47. e4 Rb7 48. e5+ Ke6 49. d5+ Ke7 50. g5 f5 51. Ke3 Kd7 52. Kd4 Rb6 53. d6
 1-0

[Event "2. Bundesliga West 2016/17"]
[Site "Kufstein"]
[Date "2017.01.22"]
[Round "8"]
[Board "6"]
[White "Herrmann, Michael"]
[Black "Busch, Michael"]
[Result "1-0"]
[WhiteElo "2078"]
[BlackElo "1960"]
[PlyCount "99"]
[EventDate "2016.10.28"]
[EventType "team"]
[EventRounds "11"]
[EventCountry "AUT"]
[WhiteTeam "ASK Salzburg"]
[BlackTeam "Dornbirn"]

1. c4 e5 2. g3 Nf6 3. Bg2 Nc6 4. Nc3 Bb4 5. Nd5 O-O 6. e3 Re8 7. Ne2 Bf8 8. O-O
d6 9. Nec3 Nxd5 10. cxd5 Ne7 11. d4 Nf5 12. dxe5 dxe5 13. b3 Bd7 14. Bb2 Qf6
15. Qc2 Rac8 16. Rad1 Qh6 17. Rd2 Bc5 18. Nd1 Bb6 19. Ba3 Nd6 20. Re1 Bh3 21.
Bh1 f5 22. f3 f4 23. Bc5 Nf5 24. e4 Ne3 25. Nxe3 fxe3 26. Rde2 Bd7 27. Bxe3
Bxe3+ 28. Rxe3 c6 29. Qd1 Red8 30. Rd3 c5 31. Qd2 Qb6 32. Qe3 Qa5 33. Qd2 Qb6
34. Qf2 Qa5 35. Rc1 b6 36. Bg2 Qa6 37. Rdc3 Qb7 38. Qe3 Qb8 39. Rf1 Qd6 40. f4
Re8 41. Qc1 Rc7 42. Rf2 a5 43. h3 Ra7 44. a4 Bc8 45. Kh2 Rae7 46. Qf1 Qh6 47.
fxe5 Rxe5 48. Rcf3 g5 49. Rf6 Qg7 50. Rf7 1-0

[Event "2. Bundesliga West 2016/17"]
[Site "Salzburg/Wals"]
[Date "2017.03.03"]
[Round "9"]
[Board "1"]
[White "Votava, Jan"]
[Black "Gretz, Denis"]
[Result "1-0"]
[WhiteElo "2522"]
[BlackElo "2339"]
[PlyCount "71"]
[EventDate "2016.10.28"]
[EventType "team"]
[EventRounds "11"]
[EventCountry "AUT"]
[WhiteTeam "Zillertal"]
[BlackTeam "Goetzis 2"]

1. Nf3 d5 2. c4 c6 3. b3 Bg4 4. e3 Nf6 5. Bb2 e6 6. h3 Bh5 7. g4 Bg6 8. Ne5
Nbd7 9. Nxg6 hxg6 10. h4 g5 11. h5 Bd6 12. Be2 Qe7 13. Qc2 g6 14. Rg1 gxh5 15.
gxh5 g4 16. cxd5 cxd5 17. Nc3 Rc8 18. O-O-O Ne5 19. d4 Nf3 20. Rxg4 Nxg4 21.
Bxf3 Nf6 22. Kb1 Ba3 23. Qe2 Bxb2 24. Kxb2 a6 25. Na4 Nd7 26. e4 dxe4 27. Qxe4
b5 28. Nc3 Nf6 29. Qe3 Kf8 30. Rc1 Rd8 31. Qe5 Rh6 32. Rg1 Ne8 33. Ne4 f5 34.
Qf4 Rh8 35. Rg6 Qb4 36. Nc5 1-0

[Event "2. Bundesliga West 2016/17"]
[Site "Salzburg/Wals"]
[Date "2017.03.03"]
[Round "9"]
[Board "2"]
[White "De Visser, Leon"]
[Black "Lanka, Zigurds"]
[Result "1/2-1/2"]
[WhiteElo "2258"]
[BlackElo "2445"]
[PlyCount "130"]
[EventDate "2016.10.28"]
[EventType "team"]
[EventRounds "11"]
[EventCountry "AUT"]
[WhiteTeam "Goetzis 2"]
[BlackTeam "Zillertal"]

1. c4 g6 2. g3 Bg7 3. Bg2 Nf6 4. Nc3 c5 5. Nf3 d5 6. cxd5 Nxd5 7. Nxd5 Qxd5 8.
O-O Nc6 9. d3 Qd6 10. a3 Bd7 11. Bf4 e5 12. Be3 Rc8 13. Qd2 O-O 14. Rfc1 b6 15.
Bh6 a5 16. Rc4 f6 17. Bxg7 Kxg7 18. Qe3 Rce8 19. Rh4 g5 20. Rc4 Nd4 21. b4 Be6
22. bxc5 bxc5 23. Rc3 Kh8 24. Nd2 f5 25. Nc4 Bxc4 26. Rxc4 f4 27. Qe4 Rb8 28.
Bf3 Rb2 29. Re1 Nb3 30. Qd5 Qxd5 31. Bxd5 Rd8 32. Bf3 Rd4 33. Rxd4 Nxd4 34. Rc1
Rxe2 35. Kg2 Rc2 36. Re1 Kg7 37. Rxe5 Kf6 38. gxf4 gxf4 39. Rh5 a4 40. Be4 Rc3
41. Bxh7 Rxa3 42. Rxc5 Ra1 43. Be4 a3 44. Bd5 Rb1 45. Ra5 Rb5 46. Ra6+ Ke5 47.
Bc4 Rb1 48. Ra5+ Kf6 49. Rxa3 Kg5 50. Ra5+ Kh4 51. Bd5 Rb4 52. Bf3 Rb5 53. Rxb5
Nxb5 54. h3 Nd4 55. Bg4 Kg5 56. Kf1 f3 57. Ke1 Kf4 58. Kd2 Ne2 59. Kc2 Ke5 60.
Kd1 Kd4 61. Kd2 Nf4 62. h4 Nxd3 63. h5 Nxf2 64. Bxf3 Ke5 65. Ke3 Nh3 1/2-1/2

[Event "2. Bundesliga West 2016/17"]
[Site "Salzburg/Wals"]
[Date "2017.03.03"]
[Round "9"]
[Board "3"]
[White "Hausner, Ivan"]
[Black "Scheffknecht, Philipp"]
[Result "1-0"]
[WhiteElo "2360"]
[BlackElo "2052"]
[PlyCount "78"]
[EventDate "2016.10.28"]
[EventType "team"]
[EventRounds "11"]
[EventCountry "AUT"]
[WhiteTeam "Zillertal"]
[BlackTeam "Goetzis 2"]

1. d4 d5 2. Nf3 Nf6 3. c4 c6 4. Nc3 g6 5. Bf4 Be6 6. cxd5 Nxd5 7. Bd2 Bg7 8. e3
O-O 9. Be2 Nb6 10. b3 h6 11. O-O N8d7 12. Rc1 a5 13. Qc2 f5 14. Rfd1 Qe8 15.
Be1 Qf7 16. Rb1 Nd5 17. Nxd5 Bxd5 18. Nd2 b5 19. Bf3 Rfc8 20. a4 e5 21. e4 fxe4
22. Nxe4 Qf8 23. Bg4 Rc7 24. Nc3 Raa7 25. Nxd5 cxd5 26. Qxg6 exd4 27. axb5 Qf6
28. Qxf6 Bxf6 29. Be6+ Kf8 30. Bxd5 Ke7 31. Ra1 Nb6 32. Bf3 a4 33. Bb4+ Kd8 34.
bxa4 Nxa4 35. Bc6 Nb6 36. Bc5 Rxa1 37. Rxa1 Nc8 38. Ra8 d3 39. Kf1 Be7 1-0

[Event "2. Bundesliga West 2016/17"]
[Site "Salzburg/Wals"]
[Date "2017.03.03"]
[Round "9"]
[Board "4"]
[White "Mueller, Philipp"]
[Black "Maiwald, Jens-Uwe"]
[Result "1/2-1/2"]
[WhiteElo "2180"]
[BlackElo "2448"]
[PlyCount "142"]
[EventDate "2016.10.28"]
[EventType "team"]
[EventRounds "11"]
[EventCountry "AUT"]
[WhiteTeam "Goetzis 2"]
[BlackTeam "Zillertal"]

1. e4 g6 2. d4 Bg7 3. Nc3 d6 4. Bg5 a6 5. Nf3 Nd7 6. Qd2 c5 7. dxc5 Nxc5 8. h3
Be6 9. Nd4 Rc8 10. Be2 Qa5 11. Be3 Nf6 12. O-O Qc7 13. Bf3 O-O 14. Nxe6 fxe6
15. Bh6 Bxh6 16. Qxh6 Qb6 17. Rab1 Ncd7 18. Be2 Qd4 19. Qh4 b5 20. a3 Ne5 21.
Rbd1 Qa7 22. Kh1 Nc4 23. Bxc4 Rxc4 24. f3 Qc5 25. Rd3 d5 26. Qe1 d4 27. Ne2
Rxc2 28. Nxd4 Rxb2 29. Nxe6 Qc2 30. Nf4 Rc8 31. Qd1 g5 32. Qxc2 Rcxc2 33. Rd8+
Kg7 34. Nd3 Rb3 35. Nb4 Re2 36. Nxa6 Nh5 37. Rg1 Ng3+ 38. Kh2 Rxf3 39. Rd5 h6
40. Re1 Nf1+ 41. Kg1 Rxe1 42. gxf3 Ne3+ 43. Kf2 Nxd5 44. Kxe1 Nc3 45. Nb4 Nb1
46. Nc2 Kf6 47. Kf2 Ke5 48. Kg3 h5 49. Kf2 Nd2 50. Kg3 Nc4 51. Kf2 h4 52. Ke2
Kd6 53. Kd3 Kc5 54. Kc3 Nxa3 55. Nd4 b4+ 56. Kd3 Kd6 57. f4 gxf4 58. Nf5+ Kd7
59. Nxh4 e5 60. Nf3 Ke6 61. h4 Nb5 62. Ng5+ Kf6 63. Kc4 Nd4 64. Kxb4 Kg6 65.
Kc3 Kh5 66. Kd2 Kxh4 67. Nf7 f3 68. Ke1 Nc6 69. Kf2 Kg4 70. Nd6 Kg5 71. Nc4 Nd4
 1/2-1/2

[Event "2. Bundesliga West 2016/17"]
[Site "Salzburg/Wals"]
[Date "2017.03.03"]
[Round "9"]
[Board "5"]
[White "Platzgummer, Fabian"]
[Black "Kranz, Armin"]
[Result "1-0"]
[WhiteElo "2334"]
[BlackElo "2071"]
[PlyCount "72"]
[EventDate "2016.10.28"]
[EventType "team"]
[EventRounds "11"]
[EventCountry "AUT"]
[WhiteTeam "Zillertal"]
[BlackTeam "Goetzis 2"]

1. Nf3 Nf6 2. c4 c5 3. Nc3 b6 4. e4 d6 5. d4 cxd4 6. Nxd4 Bb7 7. f3 a6 8. Be2
e6 9. O-O Be7 10. Be3 Nbd7 11. Qd2 O-O 12. Rfc1 Qc7 13. a4 Rac8 14. a5 Qb8 15.
axb6 Bd8 16. b4 Bxb6 17. Kh1 Rfd8 18. Bg1 Qc7 19. Bf1 Ra8 20. Ra2 Kh8 21. Rcc2
Rg8 22. Qc1 Rac8 23. Na4 Ba7 24. c5 dxc5 25. bxc5 Nb8 26. Nb2 Rgd8 27. Nd3 Nfd7
28. Rab2 Nc6 29. Nxc6 Bxc6 30. Nb4 Nb8 31. Nxa6 Nxa6 32. Bxa6 Rb8 33. Bc4 Qe5
34. Ra2 Bxc5 35. Bxc5 Qxc5 36. Bf1 Qd4 1-0

[Event "2. Bundesliga West 2016/17"]
[Site "Salzburg/Wals"]
[Date "2017.03.03"]
[Round "9"]
[Board "6"]
[White "Khachatouri, Saro"]
[Black "Schiestl, Josef"]
[Result "1-0"]
[WhiteElo "1832"]
[BlackElo "2123"]
[PlyCount "49"]
[EventDate "2016.10.28"]
[EventType "team"]
[EventRounds "11"]
[EventCountry "AUT"]
[WhiteTeam "Goetzis 2"]
[BlackTeam "Zillertal"]

1. e4 c5 2. Nf3 e6 3. g3 Nc6 4. Bg2 g6 5. d4 cxd4 6. Nxd4 Qb6 7. Nb3 d6 8. O-O
Qc7 9. Nc3 a6 10. Be3 Nf6 11. a4 b6 12. e5 dxe5 13. Qf3 Nd5 14. Nxd5 exd5 15.
Qf6 Rg8 16. Bxd5 Bb7 17. a5 Nxa5 18. Rxa5 bxa5 19. Bb6 Qd7 20. Qxe5+ Be7 21.
Bxb7 Qxb7 22. Re1 Kf8 23. Nc5 f6 24. Qe6 Bxc5 25. Qxf6+ 1-0

[Event "2. Bundesliga West 2016/17"]
[Site "Salzburg/Wals"]
[Date "2017.03.03"]
[Round "9"]
[Board "1"]
[White "Gatterer, Florian"]
[Black "Sergeev, Vladimir"]
[Result "0-1"]
[WhiteElo "2281"]
[BlackElo "2440"]
[PlyCount "118"]
[EventDate "2016.10.28"]
[EventType "team"]
[EventRounds "11"]
[EventCountry "AUT"]
[WhiteTeam "Rochade Rum"]
[BlackTeam "Bregenz 2"]

1. c4 g6 2. g3 Bg7 3. Bg2 c5 4. Nc3 Nc6 5. Nf3 d6 6. O-O e5 7. Ne1 Be6 8. d3
Nge7 9. Nc2 Qd7 10. Ne3 Bh3 11. Ned5 Bxg2 12. Kxg2 Nxd5 13. Nxd5 h6 14. e4 Ne7
15. Nxe7 Qxe7 16. Qa4+ Kf8 17. Bd2 h5 18. h4 Kg8 19. Qc2 Kh7 20. f4 exf4 21.
Rxf4 Be5 22. Rf3 Rhf8 23. Raf1 a6 24. Bg5 f6 25. Bc1 b5 26. Qd2 Kg8 27. b3 Rab8
28. cxb5 axb5 29. Bb2 Ra8 30. Bxe5 dxe5 31. R3f2 Kg7 32. Qe3 Rad8 33. Rf3 Rd4
34. Kh2 Qe6 35. Kg2 Qc6 36. Kh2 c4 37. bxc4 bxc4 38. Rc1 c3 39. Qe1 Rc8 40. Rc2
Qb5 41. Qe2 Rc6 42. Kg2 Rc7 43. Kh2 Rb4 44. Rf2 Rd4 45. Rf3 Qd7 46. Re3 Rb4 47.
Rf3 Qd4 48. Rf2 Rd7 49. Qf1 Rb2 50. Kg2 Rxc2 51. Rxc2 Rc7 52. Qd1 Kf7 53. Qe2
Ke7 54. Qd1 Kd7 55. Qe2 Rb7 56. Qd1 Rb6 57. Kf3 f5 58. Ke2 Rd6 59. exf5 e4 0-1

[Event "2. Bundesliga West 2016/17"]
[Site "Salzburg/Wals"]
[Date "2017.03.03"]
[Round "9"]
[Board "2"]
[White "Dobosz, Henryk"]
[Black "Spornberger, Maximilian"]
[Result "1/2-1/2"]
[WhiteElo "2390"]
[BlackElo "2300"]
[PlyCount "69"]
[EventDate "2016.10.28"]
[EventType "team"]
[EventRounds "11"]
[EventCountry "AUT"]
[WhiteTeam "Bregenz 2"]
[BlackTeam "Rochade Rum"]

1. d4 Nf6 2. c4 g6 3. Nc3 Bg7 4. e4 d6 5. h3 O-O 6. Bg5 c5 7. d5 b5 8. cxb5 a6
9. a4 Qa5 10. Bd2 Qb4 11. Bd3 c4 12. Bc2 Nbd7 13. Rb1 Ne5 14. Na2 Qc5 15. Be3
Qc7 16. Nc3 e6 17. dxe6 Bxe6 18. Nge2 Nd3+ 19. Bxd3 cxd3 20. Qxd3 Bc4 21. Qd2
axb5 22. axb5 Rfe8 23. O-O Qb7 24. Rfe1 Nxe4 25. Nxe4 Qxe4 26. Nd4 Bd3 27. Ra1
Bxd4 28. Rxa8 Rxa8 29. Bxd4 Qxd4 30. Re3 Ra1+ 31. Kh2 Qe5+ 32. f4 Qxb5 33. Rxd3
Ra6 34. Rxd6 Rxd6 35. Qxd6 1/2-1/2

[Event "2. Bundesliga West 2016/17"]
[Site "Salzburg/Wals"]
[Date "2017.03.03"]
[Round "9"]
[Board "3"]
[White "Spornberger, Andre"]
[Black "Barthelmann, Benno"]
[Result "1-0"]
[WhiteElo "2288"]
[BlackElo "2097"]
[PlyCount "65"]
[EventDate "2016.10.28"]
[EventType "team"]
[EventRounds "11"]
[EventCountry "AUT"]
[WhiteTeam "Rochade Rum"]
[BlackTeam "Bregenz 2"]

1. d4 f5 2. Bf4 Nf6 3. e3 g6 4. h4 h6 5. Nf3 d6 6. c4 e6 7. Nc3 Qe7 8. Be2 Bg7
9. Rc1 O-O 10. O-O Ne4 11. Nxe4 fxe4 12. Nd2 Qxh4 13. Bg3 Qe7 14. Nxe4 Nd7 15.
c5 dxc5 16. Bxc7 cxd4 17. Bd6 Qh4 18. Bxf8 Nxf8 19. f4 dxe3 20. Rc7 e5 21. g3
Qh3 22. Qb3+ Ne6 23. f5 Kh8 24. fxe6 Bxe6 25. Qxe3 Bd5 26. Bf3 Rf8 27. Bg2
Rxf1+ 28. Bxf1 Qg4 29. Nc3 Bc6 30. Bg2 e4 31. Bxe4 Be5 32. Qxh6+ Kg8 33. Qh7+
 1-0

[Event "2. Bundesliga West 2016/17"]
[Site "Salzburg/Wals"]
[Date "2017.03.03"]
[Round "9"]
[Board "4"]
[White "Amann, Harald"]
[Black "Pogan, Nikolas"]
[Result "0-1"]
[WhiteElo "2049"]
[BlackElo "2236"]
[PlyCount "63"]
[EventDate "2016.10.28"]
[EventType "team"]
[EventRounds "11"]
[EventCountry "AUT"]
[WhiteTeam "Bregenz 2"]
[BlackTeam "Rochade Rum"]

1. Nf3 Nf6 2. c4 g6 3. Nc3 Bg7 4. d4 O-O 5. e4 d6 6. h3 c6 7. Be3 Nbd7 8. Be2
e5 9. dxe5 dxe5 10. O-O Qe7 11. Qc2 Nh5 12. Rfe1 Nf4 13. Bf1 Nc5 14. g3 Nfe6
15. Rad1 a5 16. Bg2 a4 17. Kh2 Qc7 18. Nh4 Nd4 19. Qc1 Rd8 20. f4 Be6 21. Nd5
cxd5 22. cxd5 exf4 23. Bxd4 fxg3+ 24. Kh1 Bxd4 25. Rxd4 Rac8 26. Rc4 Bd7 27. e5
Bb5 28. Rc3 Qe7 29. d6 Qxh4 30. Rxc5 Rxc5 31. Qxc5 Bc6 32. Qg1 0-1

[Event "2. Bundesliga West 2016/17"]
[Site "Salzburg/Wals"]
[Date "2017.03.03"]
[Round "9"]
[Board "5"]
[White "Moroder, Stefan"]
[Black "Oswald, Albert"]
[Result "1-0"]
[WhiteElo "2206"]
[BlackElo "1920"]
[PlyCount "63"]
[EventDate "2016.10.28"]
[EventType "team"]
[EventRounds "11"]
[EventCountry "AUT"]
[WhiteTeam "Rochade Rum"]
[BlackTeam "Bregenz 2"]

1. e4 c5 2. Nf3 d6 3. d4 cxd4 4. Nxd4 Nf6 5. Nc3 a6 6. Be3 e5 7. Nb3 Be7 8. f3
Be6 9. Qd2 O-O 10. O-O-O a5 11. Qe1 Qc8 12. a4 Na6 13. g3 Nb4 14. g4 Ne8 15.
Kb1 Nc7 16. f4 exf4 17. Bxf4 d5 18. Bxc7 Qxc7 19. exd5 Bxg4 20. Be2 Bxe2 21.
Qxe2 Bd6 22. Rhe1 Rfe8 23. Qxe8+ Rxe8 24. Rxe8+ Bf8 25. d6 Qd7 26. Re2 b6 27.
h4 g6 28. Ne4 Kg7 29. Nf6 Qf5 30. Nd4 Qc8 31. d7 Qc7 32. Ne8+ 1-0